|
|
|
|
| LEADER |
00000nam0a2200000 4500 |
| 001 |
675320 |
| 005 |
20241009140313.0 |
| 090 |
|
|
|a 675320
|
| 100 |
|
|
|a 20241009d1979 k||y0rusy50 ca
|
| 101 |
0 |
|
|a rus
|
| 102 |
|
|
|a RU
|
| 105 |
|
|
|a a z 000yy
|
| 181 |
|
0 |
|a i
|b e
|
| 182 |
|
0 |
|a n
|
| 183 |
|
0 |
|a nc
|2 RDAcarrier
|
| 200 |
1 |
|
|a Руководство по проектированию и устройству антикавитационных защитных полимерных покрытий бетона гидросооружений
|e П 74-78/ВНИИГ
|f Всесоюзный научно-исследовательский институт гидротехники им. Б. Е. Веденеева; Всесоюзный проектно-изыскательский и научно-исследовательский институт "ГИДРОПРОЕКТ" имени С. Я. Жука
|
| 203 |
|
|
|a Текст
|b визуальный
|c непосредственный
|
| 210 |
|
|
|a Ленинград
|c [Б. и.]
|d 1979
|
| 215 |
|
|
|a 57 с.
|c ил.
|
| 283 |
|
|
|a volume
|2 RDAcarrier
|
| 606 |
1 |
|
|a Бетон гидротехнический
|x Кавитационная стойкость
|9 88684
|
| 610 |
1 |
|
|a эпоксидные покрытия
|
| 610 |
1 |
|
|a классификация
|
| 610 |
1 |
|
|a антикавитационные защитные покрытия
|
| 610 |
1 |
|
|a проектирование
|
| 610 |
1 |
|
|a кавитационностойкие эпоксидные составы
|
| 610 |
1 |
|
|a производство
|
| 610 |
1 |
|
|a качество
|
| 610 |
1 |
|
|a контроль
|
| 610 |
1 |
|
|a техника безопасности
|
| 610 |
1 |
|
|a руководства
|
| 610 |
1 |
|
|a П 74-78
|
| 675 |
|
|
|a 627.8.034
|v 4
|
| 712 |
0 |
2 |
|a Всесоюзный научно-исследовательский институт гидротехники им. Б. Е. Веденеева
|4 570
|9 25125
|
| 712 |
0 |
2 |
|a Всесоюзный проектно-изыскательский и научно-исследовательский институт "ГИДРОПРОЕКТ" имени С. Я. Жука
|4 570
|9 25169
|
| 801 |
|
0 |
|a RU
|b 63413507
|c 20241009
|
| 830 |
|
|
|a Ретро2024Каталогизация Шило
|
| 850 |
|
|
|a 63413507
|
| 942 |
|
|
|c BK
|